[Event "NZL-ch op-B 130th"]
[Site "Wellington"]
[Date "2023.01.07"]
[Round "6"]
[White "Nazeer, Afique M"]
[Black "Paul, David"]
[Result "1/2-1/2"]
[WhiteElo "1669"]
[BlackElo "1803"]
[PlyCount "84"]
[EventDate "2023.01.02"]
[EventType "swiss"]
[EventRounds "9"]
[EventCountry "NZL"]
[SourceTitle "CBM 212 Extra"]
[Source "ChessBase"]
[SourceDate "2023.03.31"]
[SourceVersion "1"]
[SourceVersionDate "2023.03.31"]
[SourceQuality "1"]

1. d4 d6 2. c4 e5 3. dxe5 dxe5 4. Qxd8+ Kxd8 5. e4 Bb4+ 6. Bd2 Bxd2+ 7. Nxd2 c5 8. Be2 Nc6 9. Ngf3 f6 10. h3 h5 11. Nb3 b6 12. Rd1+ Kc7 13. a3 Be6 14. Nbd2 Rd8 15. 0-0 Nge7 16. Nb1 Nd4 17. Nxd4 exd4 18. f4 Nc6 19. f5 Bf7 20. b3 Ne5 21. Nd2 Rh6 22. Rb1 Be8 23. Nf3 Nxf3+ 24. Rxf3 h4 25. Bd3 Bc6 26. Rf4 Kd6 27. Rbf1 Ke5 28. Rg4 Rh7 29. Rff4 Rdh8 30. Rf2 Rb8 31. Rff4 Rbh8 32. Rf1 Rf8 33. Kf2 Rg8 34. Ke2 Bd7 35. Kd2 Rh6 36. Rgf4 g5 37. R4f3 Be8 38. R3f2 Bh5 39. Kc2 Rg7 40. b4 Rhh7 41. Kb3 Be8 42. b5 a5 1/2-1/2